Statistics for F1 Podiums 2003

Click here to take the quiz!

General Stats

  • This quiz has been taken 240 times
  • The average score is 9 of 10

Answer Stats

Answer% Correct
Michael Schumacher
100%
Ralf Schumacher
100%
Fernando Alonso
97%
Rubens Barrichello
97%
Kimi Raikkonen
95%
David Coulthard
92%
Juan Pablo Montoya
91%
Giancarlo Fisichella
86%
Jarno Trulli
76%
Heinz-Harald Frentzen
62%

Score Distribution

Percentile by Number Answered

Percent of People with Each Score

Your Score History

You have not taken this quiz